LEADER 01565nam a2200289 i 4500 001 000000112558 003 CaOOAMICUS 005 20100518000000.0 008 100518s1999 it u000 u ita u 013 $a85242 040 $aSeMil$bita 100 1 $aRomersa, Federica Rosy.$0(OLS)http://semarc/name/47129 245 13$aIl rinnovamento della Parrocchia nella Chiesa Italiana dal Concilio ad oggi :$besperienze, valutazioni, prospettive /$cFederica Romersa Rosy ; presentazione del prof. Agostino Montan. 260 $aRoma :$bPontificia Università Lateranense,$c1999 (stampa 2000) 260 $a[Milano] :$bMursia,$c1999 (stampa 2000) 300 $a395 p. ;$c22 cm. 490 0 $aCorona Lateranensis 500 $aIn testa al front.: Facultas S. Theologiae Pontificium Istitutum Pastorale Redemptor hominis, Theses ad doctoratum in S. Theologia. 650 4$aTeologia pastorale - Parrocchia - Studi.$0(OLS)http://semarc/subject/5779 700 1 $aMontan, Agostino,$c.$0(OLS)http://semarc/name/3772 830 0$aCorona Lateranensis.$0(OLS)http://semarc/title/9690 850 $aSeMil 852 $aSeMil$W1$xVenegono$y1$m2F IV 186$j68290$B68290$CSeMilBibl$Z2$F74480 $81 961 $aOmaggio: Bressan don Luca 996 $6245$aIl rinnovamento della Parrocchia nella Chiesa Italiana dal Concilio ad oggi :$besperienze, valutazioni, prospettive$9(OLS)http://semarc/title/164118 996 $6260$a[Milano] :$bMursia$9(OLS)http://semarc/publisher/35732 996 $6260$aRoma :$bPontificia Università Lateranense$9(OLS)http://semarc/publisher/30174 LEADER 01349nam a2200289 4500 001 000000349853 003 CaOOAMICUS 005 20220419113149.0 008 220330s2000 it 000 u ita r 020 $a88-424-9539-5 040 $aSeMil$bita 100 1 $aRegge, Tullio,$d<1931-2014>.$0(OLS)http://semarc/name/52492 245 10$aScienza e realtà :$briduzionismo e antiriduzionismo nelle scienze del Novecento /$cPeruzzi, Regge ... [et al.] ; a cura di Giulio Peruzzi. 264 1$a[Milano] :$bMondadori,$c2000. 300 $a185 p. ;$c17 cm 490 1 $aBiblioteca delle scienze 650 4$aRiduzionismo - Teoria scientifica.$0(OLS)http://semarc/subject/52103 650 4$aScienza.$0(OLS)http://semarc/subject/15939 700 1 $aPeruzzi, Giulio,$d<1960- >.$0(OLS)http://semarc/name/115693 830 0$aBiblioteca delle scienze.$0(OLS)http://semarc/title/16600 850 $aSeMil 852 $aSeMil$W1$xVenegono$y1$m3X I 220$j233031$B240888$CSeMilBibl$Z2$F240888 $81 961 $aBrambilla don Paolo - Omaggio 996 $6020$a88-424-9539-5$9(OLS)http://semarc/number/295581 996 $6245$aScienza e realtà :$briduzionismo e antiriduzionismo nelle scienze del Novecento$9(OLS)http://semarc/title/439497 996 $6264$a[Milano] :$bMondadori$9(OLS)http://semarc/publisher/29662